header

Reconfiguring institutions across time and space (Record no. 138536)

MARC details
000 -LEADER
fixed length control field 01494nam a2200361Ia 4500
082 04 - DEWEY DECIMAL CLASSIFICATION NUMBER
Classification number 306.091724
245 00 - TITLE STATEMENT
Title Reconfiguring institutions across time and space
260 ## - PUBLICATION, DISTRIBUTION, ETC. (IMPRINT)
Place of publication Basingstoke :
Name of publisher Palgrave Macmillan,
Year of publication 2007.
300 ## - PHYSICAL DESCRIPTION
Number of Pages xiii, 250 p.
490 1# - SERIES STATEMENT
Series statement Political evolution & institutional change
650 #0 - SUBJECT ADDED ENTRY--TOPICAL TERM
Topical Term Social institutions.
Topical Term Social change.
Topical Term Organizational change.
Topical Term Culture and globalization.
700 1# - ADDED ENTRY--PERSONAL NAME
Personal name Galvan, Dennis Charles.
Personal name Sil, Rudra,
856 40 - ELECTRONIC LOCATION AND ACCESS
Uniform Resource Identifier http://site.ebrary.com/lib/rucke/Doc?id=10171528

No items available.

© 2026 Rongo University
Contact us: librarian | system librarian | Rongo university